Enseñar ciencias

Sábháilte in:
Sonraí bibleagrafaíochta
Príomhchruthaitheoir: Jiménez-Aleixandre, María Pilar (Údar)
Rannpháirtithe: Caamaño, Aureli, Oñorbe, Ana, Pedrinaci, Emilio, Pro, Antonio de
Formáid: LEABHAR
Teanga:Spáinnis
Foilsithe / Cruthaithe: Barcelona Graó 2003
Sraith:Didáctica de las Ciencias Experimentales. 176
Ábhair:
Clibeanna: Cuir clib leis
Níl clibeanna ann, Bí ar an gcéad duine le clib a chur leis an taifead seo!

MARC

LEADER 00000cam a2200000 a 4500
001 UCF6838
003 CL-VaPUC
005 20211009074611.0
008 130524e20030100SP |||||||||||||||||spa|d
999 |c 351893  |d 351891 
020 |a 9788478272853 
040 |c Pontificia Universidad Católica de Valparaíso 
082 0 4 |a 372.357 JIM 2003  |2 21 
100 |a Jiménez-Aleixandre, María Pilar  |e author  |9 568952 
245 1 0 |a Enseñar ciencias 
260 |a Barcelona  |b Graó  |c 2003 
300 |a 240 páginas 
490 0 |a Didáctica de las Ciencias Experimentales.  |v 176 
583 |a last modification  |c 20130524 08:39:00  |k Rodrigo Vera 
650 7 |a DIDACTICA DE LAS CIENCIAS  |2 CL-VaPUC  |9 532890 
650 0 |a Planificación de la educación   |9 307333 
650 0 |a Procesos de aprendizaje  |9 309161 
700 0 |a Caamaño, Aureli  |9 568850 
700 0 |a Oñorbe, Ana  |9 568851 
700 0 |a Pedrinaci, Emilio  |9 66 
700 0 |a Pro, Antonio de  |9 568852 
942 |c BK  |2 ddc 
945 |d 20130524 00:00:00  |a dcastane 
952 |0 0  |1 0  |2 ddc  |4 0  |6 372_357000000000000_JIM_2003  |7 0  |8 A  |9 456302  |a BIBCUR  |b BIBCUR  |d 2019-11-22  |i 4975332  |l 2  |o 372.357 JIM 2003  |p 4975332  |r 2025-04-22  |s 2025-03-14  |t 1  |w 2019-11-22  |y BK  |k BIO 
952 |0 0  |1 0  |2 ddc  |4 0  |6 372_357000000000000_JIM_2003  |7 0  |8 A  |9 456303  |a BIBCUR  |b BIBCUR  |d 2019-11-22  |i 4975340  |l 2  |m 1  |o 372.357 JIM 2003  |p 4975340  |r 2025-04-22  |s 2025-03-14  |t 2  |w 2019-11-22  |y BK  |k BIO 
952 |0 0  |1 0  |2 ddc  |4 0  |6 372_357000000000000_JIM_2003  |7 0  |8 A  |9 456304  |a BIBCUR  |b BIBCUR  |d 2019-11-22  |i 4975359  |o 372.357 JIM 2003  |p 4975359  |r 2025-04-22  |t 3  |w 2019-11-22  |y BK  |k BIO 
952 |0 0  |1 0  |2 ddc  |4 0  |6 372_357000000000000_JIM_2003  |7 0  |8 A  |9 456305  |a BIBCUR  |b BIBCUR  |d 2019-11-22  |i 4975367  |o 372.357 JIM 2003  |p 4975367  |r 2025-04-22  |t 4  |w 2019-11-22  |y BK  |k BIO